Average yields. - (February - November 1999) (Record no. 97743)

MARC details
000 -LEADER
fixed length control field 00779cam a2200289 4500
001 - CONTROL NUMBER
control field J97703
008 - FIXED-LENGTH DATA ELEMENTS--GENERAL INFORMATION
fixed length control field 090401t1999 xxu||||| |||| 00| 0 eng d
035 ## - SYSTEM CONTROL NUMBER
System control number (Sirsi) u92385
041 ## - LANGUAGE CODE
Language code of text/sound track or separate title eng
050 ## - LIBRARY OF CONGRESS CALL NUMBER
Classification number 332.6324
110 ## - MAIN ENTRY--CORPORATE NAME
Corporate name or jurisdiction name as entry element CB Hillier Parker
9 (RLIN) 3660
245 ## - TITLE STATEMENT
Title Average yields. - (February - November 1999)
260 ## - PUBLICATION, DISTRIBUTION, ETC.
Place of publication, distribution, etc. London
Name of publisher, distributor, etc. CB Hillier Parker
Date of publication, distribution, etc. 1999
300 ## - PHYSICAL DESCRIPTION
Extent 4pt. ; 30cm.
520 ## - SUMMARY, ETC.
Summary, etc. Published quarterly
650 ## - SUBJECT ADDED ENTRY--TOPICAL TERM
Topical term or geographic name entry element AVERAGE YIELDS
650 ## - SUBJECT ADDED ENTRY--TOPICAL TERM
Topical term or geographic name entry element EQUITIES
650 ## - SUBJECT ADDED ENTRY--TOPICAL TERM
Topical term or geographic name entry element GILTS
650 ## - SUBJECT ADDED ENTRY--TOPICAL TERM
Topical term or geographic name entry element INDUSTRIAL PROPERTY
650 ## - SUBJECT ADDED ENTRY--TOPICAL TERM
Topical term or geographic name entry element OFFICES
650 ## - SUBJECT ADDED ENTRY--TOPICAL TERM
Topical term or geographic name entry element PROPERTY INVESTMENT
650 ## - SUBJECT ADDED ENTRY--TOPICAL TERM
Topical term or geographic name entry element PROPERTY MARKET
650 ## - SUBJECT ADDED ENTRY--TOPICAL TERM
Topical term or geographic name entry element SHOPS
690 ## - LOCAL SUBJECT ADDED ENTRY--TOPICAL TERM (OCLC, RLIN)
Topical term or geographic name as entry element PROPERTY-COMMERCIAL PROPERTY-COMMERCIAL PROPERTY FINANCE AND INVESTMENT
942 ## - ADDED ENTRY ELEMENTS (KOHA)
Suppress in OPAC 0
948 ## - LOCAL PROCESSING INFORMATION (OCLC); SERIES PART DESIGNATOR (RLIN)
c (OCLC) 25/03/1999
Holdings
Withdrawn status Lost status Source of classification or shelving scheme Damaged status Not for loan Home library Current library Shelving location Date acquired Cost, normal purchase price Total Checkouts Full call number Barcode Date last seen Copy number Cost, replacement price Price effective from Koha item type Date last checked out
    Dewey Decimal Classification     London London Property market reports 14/09/1999 15.00   PROPERTY MARKET REPORTS 30057907 06/08/2019 1 15.00 06/08/2019 Reference material  
    Dewey Decimal Classification     London London Property market reports 14/09/1999 15.00 1 PROPERTY MARKET REPORTS 30057911 06/08/2019 2 15.00 06/08/2019 Book 14/10/1999
    Dewey Decimal Classification     London London Property market reports 28/09/1999 15.00   PROPERTY MARKET REPORTS 30059177 06/08/2019 3 15.00 06/08/2019 Book  
    Dewey Decimal Classification     London London Property market reports 28/09/1999 15.00   PROPERTY MARKET REPORTS 30058694 06/08/2019 4 15.00 06/08/2019 Reference material  
    Dewey Decimal Classification     London London Property market reports 28/09/1999 15.00   PROPERTY MARKET REPORTS 30059176 06/08/2019 5 15.00 06/08/2019 Reference material  
    Dewey Decimal Classification     London London Property market reports 28/09/1999 15.00 1 PROPERTY MARKET REPORTS 30059178 06/08/2019 6 15.00 06/08/2019 Book 02/11/1999
    Dewey Decimal Classification     London London Property market reports 22/11/1999   3 PROPERTY MARKET REPORTS 30060129 06/08/2019 7   06/08/2019 Book 09/02/2000
    Dewey Decimal Classification     London London Property market reports 12/01/2000     PROPERTY MARKET REPORTS 30060090 06/08/2019 8   06/08/2019 Reference material  
    Dewey Decimal Classification     London London Property market reports 12/01/2000   3 PROPERTY MARKET REPORTS 30060091 06/08/2019 9   06/08/2019 Book 05/04/2000
    Dewey Decimal Classification     London London Property market reports 05/04/2000   1 PROPERTY MARKET REPORTS 30061011 06/08/2019 10   06/08/2019 Book 05/04/2000